Normal view
MARC view
- An Introduction To Linguistics And Language Studies
Entry Topical Term
001 - CONTROL NUMBER
- control field: 2516
003 - CONTROL NUMBER IDENTIFIER
- control field: JO-AjAnu
005 - DATE AND TIME OF LATEST TRANSACTION
- control field: 20230606070721.0
008 - FIXED-LENGTH DATA ELEMENTS
- fixed length control field: 230606|| aca||aabn | a|a d
040 ## - CATALOGING SOURCE
- Original cataloging agency: JO-AjAnu
- Transcribing agency: JO-AjAnu
150 ## - HEADING--TOPICAL TERM
- Topical term or geographic name entry element: An Introduction To Linguistics And Language Studies
670 ## - SOURCE DATA FOUND
- Source citation: Work cat.: (JO-AjAnu)1316: Mccabe,Anne تأليف, author 2515, An Introduction To Linguistics And Language Studies